000 00941nas a2200277 4500
001 BR2010001140
003 BR-BrBNA
005 20231205113947.0
007 ta
008 230509b bl.|||p| |||| 00| 00por d
040 _aBR-BrBNA
_bpor
_cBiblioteca Nacional de Agricultura
041 _a(Pt)
072 _aJ11
100 1 _aCosta, L.C.B.
100 1 _aPinto, J.E.B.P.
100 1 _aBertolucci, S.K.V.
100 1 _aAlves, P.B.
100 1 _aEvangelino, T.S.
245 1 _aVariação no rendimento e composição química do óleo essencial de folhas de atroveran (Ocimum selloi Benth.)inteiras e moídas sob condições de armazenamento
650 _aPLANTA MEDICINAL
650 _aPÓS-COLHEITA
650 _aÓLEO ESSENCIAL
773 0 _tRevista Brasileira de Plantas Medicinais (Brazil)
_xISSN 1516-0572
_g(Feb 2009), v. 11(1) p. 43-48
_wBR2010001140
909 _a202311
_bLúcia
_c55
_dLúcia Elande
942 _2AGRIS
_n0
_cANA
999 _c206459
_d206459